000 00428nam a22001577a 4500
003 NUST - PNEC
005 20170116181014.0
008 150913b xxu||||| |||| 00| 0 eng d
040 _cLIBRARY
082 _a001.6425 HOP
100 _910358
_aHopgood, F.R.A
245 _aCompliling techniques
_cHopgood, F.R.A
260 _c1969
650 _916796
_aCompiler - Computer Programming
_xMIS - Computer Science
942 _2ddc
_cBK
999 _c67198
_d67198